Score 0/15 Timer 05:00
0 Plays Today
Answer % Correct
Nickname originsHair colour
100%
Most prominent facial featureEyebrows
100%
Favourite non-alcoholic drinkTea
100%
If Purps was an animal she'd be a...Monkey
100%
What pajama bottoms does she wear?Aladdin
100%
University degreeSpecs
100%
What celeb does she want to look like?Mila kunis
100%
Woman crushBeyonce
66.7%
Answer % Correct
Woman crush no.2Michelle Keegan
66.7%
Second nicknameLampy
66.7%
What does hunter think of Purps' bumSquidgy
66.7%
What team does she supportSheffield Wednesday
66.7%
Where is the bear?Purps room
33.3%
HabitsBurping
33.3%
What ruins a 'night out' for her?Champagne
33.3%
Remove Ads.
Support Sporcle.
Get the best of Sporcle when you Go Orange. This ad-free experience offers more features, more stats, and more fun while also helping to support Sporcle. Thank you for becoming a member.

You're not logged in!

Compare scores with friends on all Sporcle quizzes.
OR
Log In

Show Comments

Extras

Created Jan 18, 2013ReportNominate
Tags:pure

Top Quizzes Today


Score Distribution

Your Account Isn't Verified!

In order to create a playlist on Sporcle, you need to verify the email address you used during registration. Go to your Sporcle Settings to finish the process.

Report this User

Report this user for behavior that violates our Community Guidelines.

Details: